LIBRARY & INFORMATION CENTRE, KCAET, TAVANUR

ONLINE PUBLIC ACCESS CATALOGUE (OPAC)

Progress in information technology / (Record no. 9086)

MARC details
000 -LEADER
fixed length control field 00555cam a2200193ua 4500
020 ## - INTERNATIONAL STANDARD BOOK NUMBER
ISBN 81-7000-194-3
041 ## - LANGUAGE CODE
Language code of text/sound track or separate title eng
082 ## - DEWEY DECIMAL CLASSIFICATION NUMBER
Classification number 020
Item number DEV/PR
100 ## - MAIN ENTRY--AUTHOR NAME
Personal name Devarajan, G .
245 00 - TITLE STATEMENT
Title Progress in information technology /
260 ## - PUBLICATION, DISTRIBUTION, ETC. (IMPRINT)
Place of publication New Delhi :
Name of publisher Ess Ess Publications ,
Year of publication 1996.
300 ## - PHYSICAL DESCRIPTION
Number of Pages 250 ; .
490 0# - SERIES STATEMENT
Series statement CITS Information Technology series,
Volume number/sequential designation
942 ## - ADDED ENTRY ELEMENTS (KOHA)
Koha item type Books
Holdings
Withdrawn status Lost status Damaged status Home library Current library Date acquired Full call number Accession Number Koha item type
      KAUAET KAUAET 07/04/2012 020 19115 Reference
free website counter